Song Titles in Telugu #2 - Statistics

General Stats
  • This quiz has been taken 33 times
  • The average score is 5 of 10
Answer Stats
Translated Title English % Correct
Erupu Red
90%
Goḍugu Umbrella
87%
Rāp dēvuḍu Rap God
77%
Christmas kōsaṁ nāku kāvalasindi nuvvē All I Want For Christmas Is You
74%
Oṇṭari āḍavāḷḷu (Dānipai uṅgaraṁ peṭṭu) Single Ladies/Put a Ring on It
45%
Kṣamin̄caṇḍi Sorry
45%
Mīru nāku phōn cēyavaccu Call Me Maybe
42%
Ninnu eppaṭikī vadulukōnu Never Gonna Give You Up
13%
Rāja kuṭumbīkulu Royals
13%
Nā tīpi biḍḍa Sweet Child O'Mine
10%
No matching quizzes found
Score Distribution
Percent of People with Each Score
Percentile by Number Answered
Your Score History
You have not taken this quiz